<?xml version="1.0" encoding="UTF-8"?>
<record
    xmlns:xsi="http://www.w3.org/2001/XMLSchema-instance"
    xsi:schemaLocation="http://www.loc.gov/MARC21/slim http://www.loc.gov/standards/marcxml/schema/MARC21slim.xsd"
    xmlns="http://www.loc.gov/MARC21/slim">

  <leader>00372nam a2200145   4500</leader>
  <controlfield tag="001">16569</controlfield>
  <controlfield tag="005">20201125173458.0</controlfield>
  <controlfield tag="007">tu</controlfield>
  <controlfield tag="008">120306||||||||||||                 ger</controlfield>
  <datafield tag="245" ind1="0" ind2="0">
    <subfield code="a">Schriftgut des Bezirks-Friedensrates die Friedensglocke betreffend</subfield>
    <subfield code="b">1953 - 1959</subfield>
  </datafield>
  <datafield tag="365" ind1=" " ind2=" ">
    <subfield code="c">&#x20AC;</subfield>
  </datafield>
  <datafield tag="546" ind1=" " ind2=" ">
    <subfield code="a">deutsch</subfield>
  </datafield>
  <datafield tag="650" ind1="0" ind2="4">
    <subfield code="a">Friedensglocke</subfield>
  </datafield>
  <datafield tag="650" ind1="0" ind2="4">
    <subfield code="a">Frankfurt (Oder)</subfield>
  </datafield>
  <datafield tag="999" ind1=" " ind2=" ">
    <subfield code="c">76956</subfield>
    <subfield code="d">76956</subfield>
  </datafield>
  <datafield tag="952" ind1=" " ind2=" ">
    <subfield code="0">0</subfield>
    <subfield code="1">0</subfield>
    <subfield code="2">z</subfield>
    <subfield code="4">0</subfield>
    <subfield code="7">0</subfield>
    <subfield code="a">StAFF</subfield>
    <subfield code="b">StAFF</subfield>
    <subfield code="d">2020-11-25</subfield>
    <subfield code="f">M</subfield>
    <subfield code="l">0</subfield>
    <subfield code="o">Altsignatur: HsM 4&#xB0; 14 Verweis StAFF 3-803 - BA II 20080</subfield>
    <subfield code="r">2020-11-25 00:00:00</subfield>
    <subfield code="w">2020-11-25</subfield>
    <subfield code="y">B</subfield>
  </datafield>
</record>
